Handbook of Computational Social Science, Volume 2 (Record no. 93958)

MARC details
000 -LEADER
fixed length control field 02697nam a2200289Ii 4500
008 - FIXED-LENGTH DATA ELEMENTS--GENERAL INFORMATION
fixed length control field 221202s xx 000 0 und d
245 #0 - TITLE STATEMENT
Title Handbook of Computational Social Science, Volume 2
264 ## - PRODUCTION, PUBLICATION, DISTRIBUTION, MANUFACTURE, AND COPYRIGHT NOTICE
Name of producer, publisher, distributor, manufacturer Taylor & Francis
Date of production, publication, distribution, manufacture, or copyright notice 2021
300 ## - PHYSICAL DESCRIPTION
Extent 1 online resource
336 ## - CONTENT TYPE
Content type term text
Content type code txt
Source rdacontent
337 ## - MEDIA TYPE
Media type term computer
Media type code c
Source rdamedia
338 ## - CARRIER TYPE
Carrier type term online resource
Carrier type code cr
Source rdacarrier
520 ## - SUMMARY, ETC.
Summary, etc. The Handbook of Computational Social Science is a comprehensive reference source for scholars across multiple disciplines. It outlines key debates in the field, showcasing novel statistical modeling and machine learning methods, and draws from specific case studies to demonstrate the opportunities and challenges in CSS approaches. The Handbook is divided into two volumes written by outstanding, internationally renowned scholars in the field. This first volume focuses on the scope of computational social science, ethics, and case studies. It covers a range of key issues, including open science, formal modeling, and the social and behavioral sciences. This volume explores major debates, introduces digital trace data, reviews the changing survey landscape, and presents novel examples of computational social science research on sensing social interaction, social robots, bots, sentiment, manipulation, and extremism in social media. The volume not only makes major contributions to the consolidation of this growing research field, but also encourages growth into new directions. With its broad coverage of perspectives (theoretical, methodological, computational), international scope, and interdisciplinary approach, this important resource is integral reading for advanced undergraduates, postgraduates and researchers engaging with computational methods across the social sciences, as well as those within the scientific and engineering sectors.
653 ## - INDEX TERM--UNCONTROLLED
Uncontrolled term Ai, Big Data, Data Analysis, Data Archives, Data Ownership, Data Science, Digital Trace, Ethical Standards, Ethics, Human-Robot Interaction, Information Technology, Machine Learning, Open Data, Politics, Policy, Quantitative, Replication, Social, Social Media, Socio-Robots, Survey Data, Survey Design, Survey Methodology, Unstructured Data
700 1# - ADDED ENTRY--PERSONAL NAME
Personal name 0000-0001-8420-9677
700 1# - ADDED ENTRY--PERSONAL NAME
Personal name 0000-0002-2560-6709
700 1# - ADDED ENTRY--PERSONAL NAME
Personal name 0000-0003-4086-2791
700 1# - ADDED ENTRY--PERSONAL NAME
Personal name 600
700 1# - ADDED ENTRY--PERSONAL NAME
Personal name 600
700 1# - ADDED ENTRY--PERSONAL NAME
Personal name 600
700 1# - ADDED ENTRY--PERSONAL NAME
Personal name Engel, Uwe
700 1# - ADDED ENTRY--PERSONAL NAME
Personal name Lyberg, Lars
700 1# - ADDED ENTRY--PERSONAL NAME
Personal name Quan-Haase, Anabel
700 1# - ADDED ENTRY--PERSONAL NAME
Personal name Xun Liu, Sunny
856 ## - ELECTRONIC LOCATION AND ACCESS
Uniform Resource Identifier <a href="https://docs.google.com/spreadsheets/d/1yKIrdCPDAG_9c22mwoOIO2DOhtj65Wqa/edit?usp=sharing&ouid=106555315294820607512&rtpof=true&sd=true ">https://docs.google.com/spreadsheets/d/1yKIrdCPDAG_9c22mwoOIO2DOhtj65Wqa/edit?usp=sharing&ouid=106555315294820607512&rtpof=true&sd=true </a>
Link text List of Curated E-Books
942 ## - ADDED ENTRY ELEMENTS (KOHA)
Koha item type E-Book

No items available.

University of Rizal System
Email us at univlibservices@urs.edu.ph

Visit our Website www.urs.edu.ph/library